[Event "Hamburg Junge op"]
[Site "Hamburg"]
[Date "2005.10.08"]
[Round "8"]
[White "Wiradimaja, Sugilar"]
[Black "Gorse, Gerard"]
[Result "1-0"]
[WhiteElo "2151"]
[BlackElo "2022"]
[PlyCount "45"]
[EventDate "2005.10.01"]
[EventType "swiss"]
[EventRounds "9"]
[EventCountry "GER"]
[SourceTitle "CBM 108 Extra"]
[Source "ChessBase"]
[SourceDate "2005.11.04"]
[SourceVersion "1"]
[SourceVersionDate "2005.11.04"]
[SourceQuality "1"]

1. e4 c5 2. Nf3 e6 3. d4 cxd4 4. Nxd4 Nc6 5. Nb5 d6 6. c4 Nf6 7. N1c3 a6 8. Nd4 Be7 9. Be2 0-0 10. 0-0 Qc7 11. Be3 Ne5 12. Rc1 b6 13. f4 Ned7 14. Bf3 Bb7 15. f5 exf5 16. Nxf5 Rfe8 17. Qd4 Rac8 18. Rfd1 Qxc4 19. Nd5 Qxd4 20. Nfxe7+ Kf8 21. Bxd4 Rxc1 22. Rxc1 Rxe7 23. Bxf6 1-0

[Event "Hamburg Junge op"]
[Site "Hamburg"]
[Date "2005.10.04"]
[Round "4"]
[White "Fries Nielsen, Jens Ove"]
[Black "Wiradimaja, Sugilar"]
[Result "1-0"]
[WhiteElo "2381"]
[BlackElo "2151"]
[PlyCount "53"]
[EventDate "2005.10.01"]
[EventType "swiss"]
[EventRounds "9"]
[EventCountry "GER"]
[SourceTitle "CBM 108 Extra"]
[Source "ChessBase"]
[SourceDate "2005.11.04"]
[SourceVersion "1"]
[SourceVersionDate "2005.11.04"]
[SourceQuality "1"]

1. d4 Nf6 2. Bg5 Ne4 3. Bf4 d5 4. e3 Nd7 5. f3 Nd6 6. Nc3 e6 7. e4 c6 8. Bd3 Qb6 9. Nge2 Qxb2 10. 0-0 Qb6 11. Rb1 Qd8 12. Qe1 Nb6 13. Qg3 h5 14. h4 Rg8 15. Bg5 Be7 16. Bxe7 Qxe7 17. Nf4 dxe4 18. fxe4 e5 19. Nxh5 exd4 20. Nf6+ Kf8 21. Nh7+ Ke8 22. e5 Ndc4 23. Ne4 Kd8 24. Nef6 Rh8 25. Qxg7 Rxh7 26. Nxh7 Be6 27. Ng5 1-0